Brand Logos That Start With P - Statistics

General Stats
  • This quiz has been taken 29 times
  • The average score is 12 of 16
Answer Stats
Picture Answer % Correct
Pepsi
100%
Puma
100%
Paramount
97%
Paypal
97%
Pizza Hut
97%
PlayStation
97%
Pringles
93%
Pinterest
79%
Pokémon
79%
Polaroid
79%
Pirelli
55%
Patagonia
52%
Peugeot
45%
Prada
41%
Pillsbury
38%
Peacock
31%
No matching quizzes found
Score Distribution
Percent of People with Each Score
Percentile by Number Answered
Your Score History
You have not taken this quiz